Top 50 Countries With The Most Olympic Medals - Statistics

General Stats
  • This quiz has been taken 104 times
  • The average score is 42 of 50
Answer Stats
Total Country % Correct
900 China
100%
1,040 France
100%
885 Italy
100%
690 Japan
100%
1,035 United Kingdom
100%
1,211 Germany
99%
779 Russia
99%
740 Sweden
99%
3,105 United States
99%
182 Brazil
98%
604 Canada
98%
617 Norway
98%
447 South Korea
98%
636 Australia
95%
208 Spain
95%
115 Argentina
93%
507 Finland
93%
512 Netherlands
93%
101 Mexico
91%
160 New Zealand
91%
202 Belgium
89%
106 South Africa
89%
412 Austria
88%
58 India
88%
169 Greece
87%
601 Hungary
87%
441 Switzerland
86%
246 Bulgaria
85%
232 Denmark
84%
346 Poland
84%
332 Romania
84%
134 Turkey
82%
62 Egypt
80%
225 Ukraine
80%
53 Colombia
79%
135 Czech Republic
78%
57 Slovakia
78%
63 Croatia
76%
100 Iran
76%
85 Slovenia
74%
95 Jamaica
72%
128 Kenya
72%
79 Ethiopia
68%
259 Cuba
66%
126 Belarus
65%
61 Thailand
65%
67 North Korea
62%
108 Kazakhstan
56%
66 Uzbekistan
42%
75 Azerbaijan
31%
No matching quizzes found
Score Distribution
Percent of People with Each Score
Percentile by Number Answered
Your Score History
You have not taken this quiz